1610 1881 1592 1176 1127 1635 1349 1159 1280 1580 1060 1988 1199 1579 1943 1528 1171 1433 1298 1313 1853 1984 1316 1824 1905 1148 1514 1735 1034 1830 1100 1529 1766 1035 1571 1489 1297 1626 1617 1209 1855 1486 1493 1080 1533 1505 1268 1906 1997 1097 1289 1992 1060 1199 1067 1198 1767 1290 1904 1788 1281 1071 1327 1583 1918 1891 1268 1793 1500 1005 1401 1490 1887 1428 1150 1228 1508 1981 1276 1158 1244 1400 1932 1841 1184 1000 1049 1753 1270 1727 1396 1853 1254 1740 1396 1724 1948 1153 1316 BCNSPRNW ULIB Ver.6.0+V

เปลี่ยนเป็นภาษาไทย

Change to English
 แสดงรายละเอียดบรรณานุกรม
  กลับหน้าหลัก

Brief Record : Get Marc (ISO 2709) : E-mail record : QR code < ปิดหน้าต่าง
LEADER : 00000nam 2200000uu 4500
001    13399122281
003     ULIB
008    130124s2553||||th 000 0 tha d
099    ^aวพ.WS113^bจ539ค
100 0  ^aจิรารัตน์ บัวงาม
245 00 ^aความพึงพอใจต่อการบริการของศุูนย์ศึกษาเด็กก่อนวัยเรียน วิทยาลัยพยาบาลบรมราชชนนี สงขลา ตามการรับรู้ของผู้ใช้บริการ/^cจิรารัตน์ บัวงาม, ชุติมา จันทรประทิน, เทอดศักดิ์ นำเจริญ, ณิชกานต์ นาควิโรจน์ และวรงรอง นิลเพ็ชร์
246    ^a Satisfaction of child center service, Boromarajonani colledge of nursing songkhla: perception of parent, nurse educators and nursing student
260    ^a สงขลา :^bวิทยาลัยพยาบาลบรมราชชนนี สงขลา,^c2553
300    ^a 109 หน้า :^bตาราง
500    ^a รายงานการวิจัย
650  7 ^a เด็กก่อนวัยเรียน^xวิจัย
700    ^a ชุติมา จันทรประทิน,^eผู้ร่วมวิจัย
700    ^a เทอดศักดิ์ นำเจริญ,^eผู้ร่วมวิจัย
700    ^a ณิชกานต์ นาควิโรจน์,^eผู้ร่วมวิจัย
700    ^a วรงรอง นิลเพ็ชร์,^eผู้ร่วมวิจัย
710 2  ^aวิทยาลัยพยาบาลบรมราชชนนี สงขลา
945    ^p0^l0^i033412
995    ^a เกษร
999    ^aใช้งานได้ทุกระบบ
รายการนี้ยังไม่มีแท็ก
คุณยังไม่ได้ล็อกอิน คุณสามารถมีกิจกรรมร่วมกับเว็บไซต์ได้ แต่ต้องล็อกอินก่อน ::
  ล็อกอิน

รายการสื่อสารสนเทศ

ลำดับที่ ประเภท เลขเรียก/บาร์โค้ด สถานที่ สถานะ
1. งานวิจัย
งานวิจัย
วพ.WS113 จ539ค  
  Barcode: 033412
ห้องสมุดวิทยาเขตสวรรค์ประชารักษ์
►วิจัย
บนชั้น

BibComment


ยังไม่เคยถูกคอมเมนท์

คอมเมนท์ทรัพยากรรายการนี้
  คอมเมนท์: ความพึงพอใจต่อกา..


 Copyright 2026. Bcnsprnw @Library